Current United States cabinet secretaries - Statistics

General Stats
  • This quiz has been taken 61 times
  • The average score is 10 of 15
Answer Stats
Hint Answer % Correct
Secretary of State Marco Rubio
93%
Attorney General Pam Bondi
83%
Secretary of Health and Human Services Robert F. Kennedy Jr
83%
Secretary of Defense Pete Hegseth
80%
Secretary if Homeland Security Kristi Noem
77%
Secretary of Education Linda McMahon
77%
Secretary of the Interior Doug Burgum
67%
Secretary of the Treasury Scott Bessent
63%
Secretary of Commerce Howard Lutnick
57%
Secretary of Transportation Sean Duffy
57%
Secretary of Agriculture Brooke Rollins
53%
Secretary of Labor Lori Chavez-DeRemer
50%
Secretary of Veterans Affairs Doug Collins
47%
Secretary of Energy Chris Wright
40%
Secretary of Housing and Urban Development Scott Turner
40%
No matching quizzes found
Score Distribution
Percent of People with Each Score
Percentile by Number Answered
Your Score History
You have not taken this quiz